Biblioteca ESET

Aprendiendo estrategias para cuidar mejor. (Registro nro. 910)

Detalles MARC
000 -CABECERA
fixed length control field 01143nam a2200301 4500
003 - CONTROL NUMBER IDENTIFIER
control field AR-BeUNQ
005 - FECHA Y HORA DE LA ULTIMA TRANSACCION
control field 20230929143646.0
008 - ELEMENTOS DE LONGITUD FIJA-INFORMACION GENERAL
fixed length control field 230929s2010 ag o|||| ||||f00| 0 spa d
020 ## - NUMERO INTERNACIONAL NORMALIZADO PARA LIBROS
Número Internacional Normalizado del libro 9789872595418
020 ## - NUMERO INTERNACIONAL NORMALIZADO PARA LIBROS
Número Internacional Normalizado del libro 9789872595456
040 ## - FUENTE DE CATALOGACION
Agencia de catalogación original AR-BeUNQ
Agencia que realiza la transcripción AR-BeUNQ
Convenciones de la descripción aacr
Idioma de catalogación ESPAÑOL
082 ## - NUMERO DE CLASIFICACION DECIMAL DEWEYMBER
Número de clasificación 618.97
Número de la edición 21
245 00 - MENCION DE TITULO
Título Aprendiendo estrategias para cuidar mejor.
Nombre de la parte/sección de la obra Segunda parte /
Mención de responsabilidad, etc [compiladora Mónica Roqué]
250 ## - MENCION DE EDICION
Mención de edición 1a ed.
260 ## - PUBLICACION, DISTRIBUCION, ETC.
Lugar de publicación, distribución, etc. Buenos Aires :
Nombre del editor, distribuidor, etc. Dirección Nacional de Políticas para Adultos Mayores,
Fecha de publicación, distribución, etc 2010.
300 ## - DESCRIPCION FISICA
Extensión 179 p.:
Otros detalles físicos fotografías col. ;
Dimensiones 21 cm.
490 ## - MENCION DE SERIE
Mención de serie Manual de cuidadores domiciliarios ;
Designación numérica/secuencial del volumen Cuadernillo 3
650 #7 - ASIENTO SECUNDARIO DE MATERIA - TERMINO TEMATICO
Término temático o nombre geográfico como elemento de entrada Grupos de edad
Fuente del encabezamiento o términ spines
650 #7 - ASIENTO SECUNDARIO DE MATERIA - TERMINO TEMATICO
Término temático o nombre geográfico como elemento de entrada Adultos
Fuente del encabezamiento o términ spines
650 #7 - ASIENTO SECUNDARIO DE MATERIA - TERMINO TEMATICO
Término temático o nombre geográfico como elemento de entrada Geriatría
Fuente del encabezamiento o términ spines
650 #7 - ASIENTO SECUNDARIO DE MATERIA - TERMINO TEMATICO
Término temático o nombre geográfico como elemento de entrada Cuidado de las personas con discapacidades
Fuente del encabezamiento o términ toit
651 #7 - ASIENTO SECUNDARIO DE MATERIA - NOMBRE GEOGRAFICO
Nombre geográfico Argentina
Fuente del encabezamiento o término spines
700 1# - ASIENTO SECUNDARIO - NOMBRE DE PERSONA
Personal name Roqué, Mónica
710 2# - ASIENTO SECUNDARIO - NOMBRE CORPORATIVO
Nombre corporativo o de jurisdicción como elemento de entradantry element Secretaría Nacional de Niñez, Adolescencia y Familia.
Unidad subordinada Dirección Nacional de Adultos Mayores (Argentina)
830 ## - ASIENTO SECUNDARIO DE SERIE--TITULO UNIFORME
Título uniforme Manual de cuidadores domiciliarios ;
Designación numérica/secuencial del volumen Cuadernillo 3
929 ## - DATOS DE ADQUISICION
Procedencia DONACION
Proveedor Sara Pérez
Patrimonio UNQ PAT0080452
Es copia 1
Número de inventario 61473
942 ## - ELEMENTOS DE PUNTO DE ACCESO ADICIONAL (KOHA)
Tipo de ítem Koha Libros
Existencias
Estado de retiro Estado de pérdida Ubicación permanente Ubicación actual Ubicación en estantería Fecha de ingreso Signatura topográfica completa Inventario Date last seen Número de copia Tipo de ítem Koha Operador
    Biblioteca ESET - UNQ Biblioteca ESET - UNQ SALA 29/09/2023 618.97 61473 29/09/2023 1 Libros GS

ESET UNQ

☏ 4365-7188
 Avenida República de Francia 1714 entre Doctor Kenny y Concordia, Ezpeleta, Bs As.
✉ secretaria_eset@unq.edu.ar

Con tecnología Koha